| Tag |
First Indicator |
Second Indicator |
Subfields |
| LEADER |
00000nam a2200000 i 4500 |
| 001 |
in00004792309 |
| 006 |
m o d |
| 007 |
cr cnu---unuuu |
| 008 |
230810s2024 iau ob 001 0 eng |
| 005 |
20240603134834.5 |
| 010 |
|
|
|a 2023037666
|
| 020 |
|
|
|a 9781609389468
|q electronic book
|
| 020 |
|
|
|a 1609389468
|q electronic book
|
| 020 |
|
|
|z 9781609389451
|q paperback
|
| 035 |
|
|
|a (DLC)jstor22573/CATS13833853
|
| 040 |
|
|
|a NhCcYBP
|c NhCcYBP
|
| 042 |
|
|
|a pcc
|
| 050 |
|
4 |
|a BP131.8
|b .A73 2024
|
| 082 |
0 |
0 |
|a 297.1/226
|2 23/eng/20231002
|
| 100 |
1 |
|
|a Archer, George
|c (Writer on Islam),
|e author.
|
| 245 |
1 |
4 |
|a The prophet's whistle :
|b late antique orality, literacy, and the Quran /
|c George Archer.
|
| 246 |
3 |
0 |
|a Late antique orality, literacy, and the Quran
|
| 264 |
|
1 |
|a Iowa City :
|b University of Iowa Press,
|c [2024]
|
| 300 |
|
|
|a 1 online resource.
|
| 336 |
|
|
|a text
|b txt
|2 rdacontent
|
| 337 |
|
|
|a computer
|b c
|2 rdamedia
|
| 338 |
|
|
|a online resource
|b cr
|2 rdacarrier
|
| 504 |
|
|
|a Includes bibliographical references and index.
|
| 505 |
0 |
|
|a R 1. The Quran as an Oral Performance -- 2. Orality is not (Necessarily) Illiteracy -- 3. The Early Oral Quran (The Early First Meccan Period) -- 4. The Meccan Quran and Literature (The Late First and Early Second Meccan Periods) -- 5. Ayatology (The Late Second and Third Meccan Periods) -- 6. The Pen and the Tablet (The Medinan Period) -- 7. Speaking Volumes -- Bibliography -- Notes -- Index.
|
| 588 |
|
|
|a Description based on online resource; title from digital title page (viewed on May 02, 2024).
|
| 650 |
|
0 |
|a Qurʼan as literature.
|
| 650 |
|
0 |
|a Oral communication
|x Religious aspects
|x Islam.
|
| 650 |
|
0 |
|a Orality in literature.
|
| 650 |
|
0 |
|a Literacy
|x Religious aspects
|x Islam.
|
| 655 |
|
7 |
|a Electronic books.
|2 local
|
| 776 |
1 |
8 |
|i Print version:
|a Archer, George
|t Prophet's whistle
|d Iowa City : University of Iowa Press, 2024
|z 9781609389451
|w (DLC) 2023037665
|
| 856 |
4 |
0 |
|u http://proxy.library.tamu.edu/login?url=https://www.jstor.org/stable/10.2307/jj.13840500
|z Connect to the full text of this electronic book
|t 0
|
| 955 |
|
|
|a JSTOR DDA record
|
| 999 |
f |
f |
|s 51e35688-e5bb-4288-b755-88777a547e89
|i 3102d931-3ed2-43d1-9b4b-3dfe96a7b6d1
|t 0
|
| 952 |
f |
f |
|a Texas A&M University
|b College Station
|c Electronic Resources
|d Available Online
|t 0
|e BP131.8 .A73 2024
|h Library of Congress classification
|
| 998 |
f |
f |
|a BP131.8 .A73 2024
|t 0
|l Available Online
|